الحكمة الخالدة / (Record no. 5783)
[ view plain ]
| 000 -الفاتح | |
|---|---|
| حقل البيانات ثابتة الطول | 00642nac a22001451u 4500 |
| 008 - عناصر البيانات ثابتة الطول - معلومات عامة | |
| حقل البيانات ثابتة الطول | 081027s2000 xxu||||| |||| 00| 0 ara d |
| 082 ## - رقم تصنيف ديوى العشرى | |
| رقم التصنيف | 398.9 |
| رقم المادة | م س ك |
| 245 ## - بيان العنوان | |
| العنوان | الحكمة الخالدة / |
| بيان المسئوليه,etc | أبو علي أحمد بن محمد مسكوية ؛ تحقيق وتقديم عبد الرحمن بدوى |
| 246 ## - العنوان الموازى | |
| عنوان صحيح/عنوان مختصر | جاويدان خرد |
| 260 ## - PUBLICATION, DISTRIBUTION, ETC. (IMPRINT) | |
| مكان الناشر او الموزع | القاهرة : |
| اسم الناشر او الموزع | دار الأندلس للطباعة والنشر والتوزيع ،2000 |
| تاريخ النشر أو التوزيع | 2000. |
| 300 ## - الوصف المادى | |
| التعداد | 382 ص ؛ |
| أبعاد الوعاء | 24 سم. |
| 504 ## - تبصرة ببليوجرافية | |
| تبصرة ببليوجرافية,الخ | يحتوي علي إرجاعات ببليوجرافية وفهارس |
| 511 ## - | |
| -- | Catalogued by: Sara |
| 942 ## - عناصر المدخل الإضافي( كوها) | |
| Koha [default] item type | Book - Borrowing |
| سابقة رقم الطلب | 398.9 م س ك |
| مصدر التصنيف او مخطط الترفيف | Dewey Decimal Classification |
| حالة التراجع | حالة الفقد | مصدر التصنيف او خطة الترفيف | حالة تلف | ليس للاعارة | مجموعات كوها | المكان الدائم | المكان الحالي | موقع الترفيف | تاريخ الاكتساب | Source of acquisition | رقم الاستدعاء | الباركود | Date last seen | نوع الوعاء |
|---|---|---|---|---|---|---|---|---|---|---|---|---|---|---|
| Dewey Decimal Classification | Alef-Baa | Central Library | Central Library | First floor | 07/11/2005 | 398.9 م س ك | 000007423 | 15/07/2025 | Book - Borrowing |